000 00740nam a2200217Ia 4500
003 GCL
008 140319s9999 xx 000 0 ara d
040 _aGCL /
_cGCL
082 0 4 _a947.08
_bم ن
100 1 _aمجموعة من المؤلفين
245 1 0 _aالنار والجليد والامبراطورية الحمراء من المهد الى اللحد /
_cمجموعة من المؤلفين
260 _a[S.N] :
_bدار الحسام للطباعة والنشر ،
_c1992
300 _a355 ص
490 _a
650 0 4 _aتاريخ
650 0 4 _aالاتحاد السوفيتى
650 0 4 _aالشيوعية
650 0 4 _aروسيا
650 0 4 _aاتحاد الجمهوريات السوفيتية
942 _2ddc
_cBK
999 _c53543
_d53543